| 000 | 01433nam a2200241Ia 4500 | ||
|---|---|---|---|
| 003 | Ost | ||
| 005 | 20260507075031.0 | ||
| 008 | 260507s9999||||xx |||||||||||||| ||und|| | ||
| 020 | _a9177119957 | ||
| 040 | _cfsecg | ||
| 041 | _aara | ||
| 082 | _a330 | ||
| 100 |
_aصوان، محمود حسن _eمؤلف |
||
| 245 | 0 |
_aأساسيات العمل المصرفي الإسلامي : _bدراسة مصرفية تحليلية مع ملحق بالفتاوى الشرعية / _c محمود حسن صوان |
|
| 250 | _aطبعة 2 | ||
| 260 |
_aعمان: _bدار وائل للنشر والتوزيع, _c2006 |
||
| 300 |
_a304 صفحة؛ _bإيضاحات ؛ _c24 سم |
||
| 520 | _aنشأة المصارف وتطورها- المصارف المركزية- نشأة المصارف الإسلامية- الموارد المالية في المصارف الإسلامية- استخدمات الأموال في المصارف الإسلامية -تكييف الأعمال المصرفية المتنوعة- استخدمات الاموال في المصارف الإسلامية- الرقابة على أنشطة المصارف الإسلامية- رقابة البنك المركزي- تحقيق الأرباح وتوزيعها في المصارف الإسلامية- رؤية مستقبلية | ||
| 653 | _aالإقتصاد الإسلامي | ||
| 653 | _aالبنوك | ||
| 653 | _aالبنوك الإسلامية | ||
| 942 | _cكتاب | ||
| 999 |
_c42403 _d42403 |
||